[Event "6th d'Ille et Vilaine 2013"]
[Site "Rennes FRA"]
[Date "2013.07.07"]
[Round "3.6"]
[White "Francois,Adrien"]
[Black "Manea,Al"]
[Result "0-1"]
[WhiteElo "1623"]
[BlackElo "2389"]

1.e4 g6 2.d4 Bg7 3.Nc3 d6 4.f4 Nf6 5.Nf3 O-O 6.Bd3 Bg4 7.h3 Bxf3 8.Qxf3 Nc6
9.Be3 Nb4 10.O-O-O c6 11.g4 Qa5 12.Bc4 d5 13.g5 Nxe4 14.Nxe4 dxc4 15.a3 Nd5
16.Bf2 b5 17.c3 Qc7 18.Bg3 Qc8 19.Qg4 Ne3 20.Qxc8 Raxc8 21.Rde1 Nf5 22.Bf2 h5
23.Nc5 Rfd8 24.Kc2 e6 25.Ra1 Bf8 26.Ne4 a6 27.Rad1 Be7 28.Rhg1 Kg7 29.Rg2 Rd5
30.Rd2 Rcd8 31.Kc1 Kf8 32.Kc2 Ke8 33.Rg1 Kd7 34.Rgd1 Kc8 35.Kc1 Kb7 36.Kb1 Bd6
37.Nf6 Bxf4 38.Re2 Bxg5 39.Nxd5 cxd5 40.Rg1 Be7 41.Kc2 Kc6 42.Be1 Kd7 43.Bd2 Rc8
44.a4 b4 45.cxb4 Nxd4+  0-1

[Event "36th Barbera Open"]
[Site "Barbera del Valles ESP"]
[Date "2013.07.08"]
[Round "5.15"]
[White "Vehi Bach,V"]
[Black "Vassallo Barroche,M"]
[Result "0-1"]
[WhiteElo "2308"]
[BlackElo "2434"]

1.e4 g6 2.d4 d6 3.Nc3 Bg7 4.Be3 c6 5.Qd2 Nf6 6.h3 Qa5 7.Nf3 Nbd7 8.Bd3 e5
9.O-O O-O 10.Rfe1 Qc7 11.a4 b6 12.Rad1 a6 13.dxe5 dxe5 14.Bf1 Bb7 15.Qd6 Rac8
16.b3 Rfe8 17.Qxc7 Rxc7 18.Nd2 b5 19.Rb1 Bf8 20.b4 Rcc8 21.f3 Nh5 22.Kf2 Nf4
23.Red1 Nf6 24.Ne2 bxa4 25.Nxf4 exf4 26.Bxf4 c5 27.b5 axb5 28.Bxb5 Bc6 29.Bg5 Bg7
30.Bxc6 Rxc6 31.Nc4 Nh5 32.g4 Bd4+ 33.Be3 Nf4 34.h4 Ne6 35.Na3 Ra8 36.Rb7 Rd6
37.Rdb1 Rdd8 38.Bxd4 cxd4 39.Nb5 a3 40.Ra1 d3 41.cxd3 Rxd3 42.Ra2 Ra5 43.Ke2 Nf4+
44.Kf2 Rb3 45.Nd6 Rxb7 46.Nxb7 Rb5 47.Kg3 Rb2 48.Rxa3 Ne2+ 49.Kf2 Nd4+  0-1

[Event "IsBank TCh-TUR 2013"]
[Site "Denizli TUR"]
[Date "2013.07.08"]
[Round "11.5"]
[White "Sirin,A"]
[Black "Yurtseven,C"]
[Result "1/2-1/2"]
[WhiteElo "2249"]
[BlackElo "2299"]

1.d4 g6 2.e4 d6 3.Nc3 Bg7 4.f4 Nf6 5.Nf3 O-O 6.Bd3 Na6 7.O-O c5 8.d5 Bg4
9.Qe1 Nb4 10.a3 Nxd3 11.cxd3 Bxf3 12.Rxf3 e6 13.f5 Ng4 14.Qg3 Ne5 15.Rf1 c4
16.dxc4 exf5 17.exf5 Rc8 18.c5 Rxc5 19.Bg5 f6 20.Be3 Rc4 21.h3 a6 22.Rad1 Qd7
23.Bd4 gxf5 24.Ne2 Kh8 25.Nf4 Bh6 26.Ne6 Rg8 27.Qb3 Qc8 28.Rxf5 Rc2 29.Rf2 Rxf2
30.Kxf2 b5 31.Rf1 Qe8 32.Bxe5 fxe5 33.Kg1 Qg6 34.Qf3 Bg7 35.Qf7 Qg3 36.Nxg7 Qxg7
37.Qf6 Qxf6 38.Rxf6 Rg6 39.Rf7 Rg7 40.Rf8+ Rg8 41.Rf7 Rg7  1/2-1/2

[Event "120th ch-SCO 2013"]
[Site "Helensburgh SCO"]
[Date "2013.07.08"]
[Round "3.9"]
[White "Grove,Michael"]
[Black "McNab,C"]
[Result "0-1"]
[WhiteElo "2028"]
[BlackElo "2461"]

1.e4 g6 2.d4 Bg7 3.Nc3 d6 4.Be3 Nf6 5.Qd2 c6 6.Bh6 Bxh6 7.Qxh6 Qa5 8.Bd3 c5
9.d5 Nbd7 10.Nf3 c4 11.Bxc4 Qc5 12.Bb5 Qxf2+ 13.Kxf2 Ng4+ 14.Kg3 Nxh6 15.Rae1 O-O
16.Bxd7 Bxd7 17.e5 Rac8 18.exd6 exd6 19.h3 Kg7 20.Kf2 Rfe8 21.Rxe8 Rxe8 22.Re1 Rxe1
23.Kxe1 f5 24.Ne2 Kf6 25.c4 Nf7 26.b3 Ne5 27.Nfd4 g5 28.Nc3 a6 29.g4 Nd3+
30.Ke2 Nf4+ 31.Kf3 Nxh3 32.gxf5 Bxf5 33.Ne4+ Bxe4+ 34.Kxe4 h5 35.b4 Nf2+
36.Ke3 Ng4+ 37.Ke4 b6 38.a4 Ne5 39.a5 Nxc4 40.b5 bxa5 41.bxa6 Nb6  0-1

[Event "23rd Heart of FIN"]
[Site "Jyvaskyla FIN"]
[Date "2013.07.08"]
[Round "1.6"]
[White "Tiitta,S"]
[Black "Kiik,K"]
[Result "0-1"]
[WhiteElo "2200"]
[BlackElo "2446"]

1.e4 g6 2.d4 Bg7 3.Nc3 d6 4.Be3 c6 5.a4 Nd7 6.Nf3 Ngf6 7.Qd2 e5 8.dxe5 dxe5
9.Bc4 Qe7 10.Rd1 O-O 11.O-O Nc5 12.Ng5 Ncd7 13.Qd6 Qxd6 14.Rxd6 h6 15.Nf3 Re8
16.Nh4 Bf8 17.Rd3 Kg7 18.Bxh6+ Kxh6 19.Bxf7 Re7 20.Bxg6 Nc5 21.Rd8 Ne6 22.Rd3 Nf4
23.Rg3 N6h5 24.Bxh5 Kxh5 25.Rg8 Be6 26.Rh8+ Kg5 27.g3 Nh3+ 28.Kg2 Kf6 29.Nf3 Ng5
30.Nxg5 Kxg5 31.f4+ exf4 32.Rxf4 Ree8 33.Rh7 Rad8 34.Rxb7 Rd2+ 35.Kf3 Rxh2
36.e5 Bd5+ 37.Nxd5 cxd5 38.c4 Bc5 39.cxd5 Rxe5 40.Rg7+ Kh6 41.Rc7 Rf2+ 42.Kg4 Rg5+
43.Kh3 Rxf4 44.gxf4 Rxd5 45.b4 Bb6 46.Rc3 Kh5 47.a5 Bd8 48.Kg3 Bf6 49.Rc7 Rd3+
50.Kf2 Bd4+ 51.Ke2 Re3+ 52.Kd2 Ra3 53.Rd7 Bf2 54.Ke2 Bg1 55.Rg7 Bd4 56.Rd7 Bc3
57.Rxa7 Bxb4 58.Rg7 Bxa5 59.Rg8 Bb6 60.f5 Re3+ 61.Kd2 Rf3 62.Rg2 Bd4 63.Rg8 Bf6
64.Ke2 Rxf5 65.Ke3 Bg5+ 66.Ke4 Kg4 67.Rg7 Rf8 68.Rb7 Re8+ 69.Kd5 Kf5 70.Rf7+ Bf6
71.Rd7 Re1 72.Rd6 Be7 73.Rh6 Rd1+ 74.Kc4 Bd6 75.Rh4 Bf4 76.Rh8 Ke4 77.Re8+ Be5
78.Rg8 Rc1+ 79.Kb5 Kd5 80.Rg5 Rb1+ 81.Ka6 Kd6 82.Rh5 Rb8 83.Rh1 Bd4 84.Rh6+ Kd5
85.Rh1 Bc5 86.Rh6 Bd6 87.Rh1 Kc6 88.Rh7 Rg8 89.Rf7 Rh8 90.Rg7 Rh4 91.Rg5 Ra4+
92.Ra5 Rg4 93.Rh5 Bf8 94.Rf5 Be7 95.Rh5 Bg5  0-1

[Event "Polugaevsky Mem 2013"]
[Site "Samara RUS"]
[Date "2013.07.08"]
[Round "7.2"]
[White "Geller,J"]
[Black "Bocharov,D"]
[Result "0-1"]
[WhiteElo "2549"]
[BlackElo "2607"]

1.e4 g6 2.d4 Bg7 3.Nc3 d6 4.Be3 a6 5.Bd3 b5 6.Nf3 Bb7 7.a4 b4 8.Ne2 Nf6 9.Ng3 c5
10.c3 h5 11.e5 dxe5 12.dxe5 Ng4 13.e6 f5 14.O-O Nxe3 15.fxe3 Nc6 16.e4 h4
17.Ne2 Qc7 18.Bc2 Rd8 19.Qe1 h3 20.g3 Bh6 21.Qf2 b3 22.Bxb3 O-O 23.Qxc5 Rd3
24.Kh1 fxe4 25.Ng5 Qa5 26.Rxf8+ Bxf8 27.Qxa5 Nxa5 28.Bd1 Nc4 29.Nf4 Rd2 30.Be2 Nxb2
31.Ngxh3 Bh6 32.Ng1 Bxf4 33.gxf4 e3+ 34.Bf3 e2 35.Re1 Rd1 36.Bxb7 Rxe1 37.Bxa6 Rxg1+  0-1

[Event "ch-BEL Open 2013"]
[Site "Antwerp BEL"]
[Date "2013.07.09"]
[Round "4.36"]
[White "Schaeken,Y"]
[Black "Carpentier,Jannes"]
[Result "1-0"]
[WhiteElo "2141"]
[BlackElo "1610"]

1.e4 g6 2.d4 Bg7 3.Nc3 d6 4.h4 Nf6 5.Be2 h5 6.Bg5 Nbd7 7.Qd2 a6 8.Nf3 b5
9.e5 Ng4 10.Nd5 f6 11.Bd3 Nf8 12.exf6 exf6 13.Qe2+ Be6 14.Bd2 Kf7 15.Nf4 Qd7
16.O-O Bf5 17.Bxf5 Qxf5 18.Rae1 Qd7 19.Qd3 Rh6 20.Qb3+ d5 21.Nxd5 Ne6 22.Nxc7 Re8
23.Nxe8 Qxe8 24.Bxh6  1-0

[Event "IsBank TCh-TUR 2013"]
[Site "Denizli TUR"]
[Date "2013.07.09"]
[Round "12.7"]
[White "Sumer,G"]
[Black "Yilmazyerli,M"]
[Result "0-1"]
[WhiteElo "1935"]
[BlackElo "2352"]

1.e4 g6 2.d4 Bg7 3.Nc3 d6 4.Bg5 a6 5.f4 b5 6.Nf3 Bb7 7.e5 b4 8.Ne2 f6 9.exf6 exf6
10.Bh4 Ne7 11.Qd2 Nd7 12.Qxb4 Rb8 13.Qc3 O-O 14.Nc1 Nd5 15.Bc4 Re8+ 16.Kf2 Nb6
17.Nd3 Kh8 18.Bxd5 Nxd5 19.Qd2 Ne3 20.Rhe1 Nf5 21.Rxe8+ Qxe8 22.Nde1 Qe4
23.Bg3 g5 24.c3 Bd5 25.b3 Bh6 26.fxg5 fxg5 27.Qd3 g4 28.Qxe4 Bxe4 29.Nh4 Ne3
30.Kg1 Rf8 31.Bf2 Nd5 32.c4 Nf4 33.d5 Bg5 34.Nhf3 gxf3 35.Nxf3 Bf6 36.Re1 Bxf3  0-1

[Event "St. Pauli Open 2013"]
[Site "Hamburg GER"]
[Date "2013.07.09"]
[Round "4.24"]
[White "Hinrichs,Lars"]
[Black "Mueller,Joe"]
[Result "1-0"]
[WhiteElo "1997"]
[BlackElo "2146"]

1.e4 d6 2.d4 g6 3.Nc3 Bg7 4.Be3 Nd7 5.Qd2 e5 6.Nf3 c6 7.O-O-O Qc7 8.Bc4 h6
9.dxe5 dxe5 10.Ne1 Ngf6 11.f3 b5 12.Bb3 a5 13.a4 bxa4 14.Bxa4 Bf8 15.g4 Nb6
16.Bxc6+ Bd7 17.Bxa8 Nc4 18.Qd3 Nxe3 19.Qxe3 Bc5 20.Qd3 O-O 21.Nd5 Nxd5 22.Bxd5 a4
23.Kd2 Rd8 24.Ke2 Qb6 25.Ng2 Kg7 26.Rb1 Bb5 27.c4 Bd7 28.Ne3 Be6 29.Rhd1 Bc8
30.Nc2 Qf6 31.Qd2 Bxg4 32.fxg4 Qf2+ 33.Kd3 Qf3+ 34.Ne3 Rb8 35.b4 axb3 36.Rf1 Qh3
37.Rxf7+ Kh8 38.Qf2 b2 39.Qf6+  1-0

[Event "23rd Heart of FIN"]
[Site "Jyvaskyla FIN"]
[Date "2013.07.09"]
[Round "3.11"]
[White "Hokkanen,P"]
[Black "Gorin,A1"]
[Result "1-0"]
[WhiteElo "2298"]
[BlackElo "2059"]

1.e4 g6 2.d4 Bg7 3.Nc3 d6 4.h3 a6 5.a4 b6 6.Nf3 Bb7 7.Bd3 Nd7 8.O-O e5 9.dxe5 Nxe5
10.Nxe5 dxe5 11.Qe2 Nf6 12.Bg5 h6 13.Bh4 g5 14.Bg3 Qe7 15.Bc4 O-O 16.Rfd1 c6
17.Qe3 b5 18.axb5 axb5 19.Rxa8 Bxa8 20.Bb3 Nh5 21.Qb6 Nf4 22.Ra1 b4 23.Na4 Ne2+
24.Kh2 Nxg3 25.fxg3 g4 26.Rd1 gxh3 27.gxh3 Qg5 28.Qf2 Kh8 29.Nc5 Rd8 30.h4 Qf6
31.Rxd8+ Qxd8 32.Qf5 Qf6 33.Qc8+ Kh7 34.Kg2 Qe7 35.Qxa8 Qxc5 36.Bxf7 Bf8
37.Bb3 Kg7 38.Qe8 Qe7 39.Qxc6 Qd6 40.Qb7+ Be7 41.Bd5 Qf6 42.Qc8 Bf8 43.c4 bxc3
44.bxc3 h5 45.c4 Qe7 46.Qf5 Qf6 47.Qxh5 Bc5 48.Qf3 Bb4 49.Qxf6+ Kxf6 50.g4 Kg6
51.Kh3 Bc5 52.g5 Be3 53.Kg4  1-0

[Event "6th ch-Cent SRB Int 2013"]
[Site "Paracin SRB"]
[Date "2013.07.09"]
[Round "5.28"]
[White "Zarkovic,M"]
[Black "Popovic,AM"]
[Result "0-1"]
[WhiteElo "2070"]
[BlackElo "2278"]

1.e4 g6 2.d4 Bg7 3.Nc3 d6 4.Be3 a6 5.Qd2 b5 6.a3 Nd7 7.f3 e5 8.Nge2 Ngf6
9.Ng3 exd4 10.Bxd4 O-O 11.Be2 Bb7 12.O-O Re8 13.f4 c5 14.Bf2 h5 15.f5 h4
16.fxg6 fxg6 17.Nh1 b4 18.axb4 cxb4 19.Bc4+ Kh7 20.Bxh4 bxc3 21.Qxc3 Re5
22.Qh3 Rh5 23.Ng3 Rh6 24.Rae1 Ne5 25.Be6 Qe7 26.Nf5 gxf5 27.Qxf5+ Kh8 28.Bg5 Rh5
29.h4 Qe8 30.Qh3 Nh7 31.Qf5 Bc8  0-1

[Event "6th ch-Cent SRB Int 2013"]
[Site "Paracin SRB"]
[Date "2013.07.09"]
[Round "5.12"]
[White "Kosic,D"]
[Black "Zlatanovic,B"]
[Result "1-0"]
[WhiteElo "2490"]
[BlackElo "2416"]

1.d4 g6 2.e4 Bg7 3.Nc3 d6 4.Be3 c6 5.Qd2 b5 6.Nf3 Nd7 7.Bd3 Nb6 8.b3 Bg4
9.Ne2 e6 10.Nfg1 e5 11.h3 Bd7 12.c3 Qe7 13.Nf3 f5 14.dxe5 dxe5 15.Qc2 Nf6
16.Bg5 h6 17.Bc1 fxe4 18.Bxe4 Nxe4 19.Qxe4 Kf7 20.Ng3 Rhe8 21.O-O Nd5 22.Bd2 Qf6
23.Rad1 Bf5 24.Nxf5 gxf5 25.Qe2 e4 26.Nd4 f4 27.Qg4 Rad8 28.c4 Qxd4 29.cxd5 cxd5
30.Qh5+ Kg8 31.Bxf4 Qf6 32.Bc7 Qf7 33.Qxf7+ Kxf7 34.Bxd8 Rxd8 35.Rfe1 Bf6
36.Re2 b4 37.f3 exf3 38.gxf3 Bc3 39.Kf2 a5 40.Ke3 Re8+ 41.Kf2 Rd8 42.f4 d4
43.Rd3 a4 44.bxa4 Ra8 45.Kf3 Rxa4 46.Kg4 Kf6 47.f5 Ra6 48.Kf4 Ra5 49.Re6+ Kf7
50.Rxh6 Rxa2 51.Rb6 Rb2 52.Rb7+ Kf8 53.Ke5 Ra2 54.f6 Re2+ 55.Kd5 Rf2 56.Ke6 Re2+
57.Kf5 Rf2+ 58.Kg6 Rg2+ 59.Kh7 Rg5 60.h4 Rg4 61.h5 Rg5 62.h6 b3 63.Rxb3 Kf7
64.Rf3 Rd5 65.Rb7+ Kf8 66.Rg3  1-0

[Event "6th ch-Cent SRB Int 2013"]
[Site "Paracin SRB"]
[Date "2013.07.09"]
[Round "5.26"]
[White "Markovic,Alek"]
[Black "Sarenac,D"]
[Result "0-1"]
[WhiteElo "2111"]
[BlackElo "2311"]

1.e4 g6 2.d4 Bg7 3.Nc3 d6 4.f4 Nd7 5.Nf3 a6 6.a4 e6 7.Bd3 Ne7 8.O-O O-O 9.f5 exf5
10.exf5 c5 11.fxg6 hxg6 12.Bg5 Nf6 13.Qd2 cxd4 14.Nxd4 Qb6 15.Bxf6 Bxf6 16.Rxf6 Qxd4+
17.Qf2 Qxf2+ 18.Rxf2 Be6 19.Re1 Rad8 20.Ne4 Nc6 21.Ng5 Ne5 22.Be4 Rd7 23.Nf3 Rc8
24.Rd1 Nc4 25.b3 Ne3 26.Re1 Ng4 27.Rd2 Kg7 28.Nd4 Ne5 29.g3 Kf6 30.Bg2 Rc3
31.Rf1+ Ke7 32.Ne2 Rc5 33.c4 b5 34.axb5 axb5 35.cxb5 Rxb5 36.Nd4 Rb4 37.Re1 Rc7
38.Red1 Rb6 39.b4 Rxb4 40.Nxe6 fxe6 41.Rxd6 Rc2 42.R6d2 Rxd2 43.Rxd2 Rb1+
44.Kf2 Ng4+ 45.Ke2 Nxh2 46.Be4 Rb3 47.Bxg6 Rxg3 48.Be4 Ng4 49.Rd3 Rg1 50.Rb3 Kf6
51.Bc6 Ne5 52.Be4 Rg4 53.Bb7 Rh4 54.Rg3 Rh2+ 55.Rg2 Rh3 56.Rf2+ Ke7 57.Bf3 Rh4
58.Ke3 Rh3 59.Ke2 Kd6 60.Bg2 Rg3 61.Kf1 Ng4 62.Rf3 Nh2+ 63.Kf2 Rxf3+ 64.Bxf3 Nxf3
65.Kxf3 Kd5 66.Ke3 Ke5 67.Kd3  0-1

[Event "6th ch-Cent SRB Int 2013"]
[Site "Paracin SRB"]
[Date "2013.07.09"]
[Round "6.17"]
[White "Tosic,S"]
[Black "Popovic,AM"]
[Result "1-0"]
[WhiteElo "2389"]
[BlackElo "2278"]

1.d4 g6 2.e4 Bg7 3.Nc3 d6 4.Nf3 Nc6 5.h3 Nf6 6.Be3 O-O 7.Be2 e5 8.dxe5 dxe5
9.Qxd8 Rxd8 10.Rd1 Rxd1+ 11.Kxd1 h6 12.Kc1 a6 13.Rd1 Be6 14.Nd2 Nd4 15.Bc4 b5
16.Bxe6 Nxe6 17.f3 c6 18.Nb3 Bf8 19.Na5 Rc8 20.Ne2 Ne8 21.Rd7 c5 22.Ra7 N8c7
23.Nc3 c4 24.Nc6 b4 25.Na4 f6 26.Nb6 Re8 27.Nxc4  1-0

[Event "ch-BEL Open 2013"]
[Site "Antwerp BEL"]
[Date "2013.07.10"]
[Round "5.5"]
[White "Sadikhov,U"]
[Black "Van der Stricht,J"]
[Result "1-0"]
[WhiteElo "2222"]
[BlackElo "1890"]

1.e4 d6 2.d4 g6 3.Nc3 Bg7 4.f4 e6 5.Nf3 a6 6.a4 b6 7.Be3 Ne7 8.Bd3 Bb7 9.O-O Nd7
10.Qe1 c5 11.Qg3 Nf6 12.dxc5 dxc5 13.f5 exf5 14.exf5 c4 15.Bxc4 Nxf5 16.Qe5+ Kf8
17.Bg5 b5 18.Qc5+ Kg8 19.Rad1 Qc8 20.Qxc8+ Rxc8 21.axb5 axb5 22.Bxb5 h6 23.Bf4 Ng4
24.Bd7 Rc4 25.Bxf5 gxf5 26.Nh4 Bd4+ 27.Rxd4 Rxd4 28.Nxf5 Rb4 29.Ne7+ Kh7
30.Bd6 Rd8 31.Rxf7+  1-0

[Event "IsBank TCh-TUR 2013"]
[Site "Denizli TUR"]
[Date "2013.07.10"]
[Round "13.6"]
[White "Yuksel,A"]
[Black "Serin,S"]
[Result "1/2-1/2"]
[WhiteElo "2001"]
[BlackElo "1749"]

1.e4 d6 2.d4 g6 3.Nc3 Bg7 4.h3 a6 5.a4 b6 6.Nf3 Nf6 7.Bf4 Bb7 8.Bd3 c5 9.dxc5 dxc5
10.O-O O-O 11.e5 Nd5 12.Nxd5 Bxd5 13.Qe2 Nc6 14.c3 Bxf3 15.Qxf3 Nxe5 16.Bxe5 Bxe5
17.Qe2 Qc7 18.Bxa6 Rad8 19.Rad1 Bf6 20.Rxd8 Rxd8 21.Rd1 Rxd1+ 22.Qxd1 Qd6
23.Qxd6 exd6 24.Bc4 Bg5 25.Kf1 Bc1 26.b4 cxb4 27.cxb4 Bd2 28.a5 bxa5 29.b5 d5
30.Bxd5 Kf8 31.b6 Ke7 32.Ke2 Bb4 33.Kd3 Bc5 34.b7 Bd6 35.Bb3 f6 36.Kc4 Kd7
37.Kb5 Kc7 38.Bd5 Bb4 39.Ka6 Kb8 40.Kb6 Be1 41.f3 f5 42.f4 Bd2 43.g3 h6 44.Bf7 g5
45.Be6 gxf4  1/2-1/2

[Event "St. Pauli Open 2013"]
[Site "Hamburg GER"]
[Date "2013.07.10"]
[Round "5.52"]
[White "Grigorian,Sp"]
[Black "Grabenhorst,J"]
[Result "1-0"]
[WhiteElo "2131"]
[BlackElo "1896"]

1.d4 d6 2.Nc3 g6 3.e4 Bg7 4.Be3 a6 5.Qd2 Nd7 6.h4 h5 7.O-O-O b5 8.Nf3 Bb7
9.Ng5 Nh6 10.f3 c5 11.Kb1 Qc7 12.Ne2 e5 13.dxc5 dxc5 14.Nc3 Nb6 15.Bxb5+ axb5
16.Nxb5 Qc6 17.Nd6+ Ke7 18.Nxb7 Qxb7 19.Qd6+ Ke8 20.Ne6 Bf8 21.Nc7+  1-0

[Event "120th ch-SCO 2013"]
[Site "Helensburgh SCO"]
[Date "2013.07.10"]
[Round "5.6"]
[White "Bryson,D"]
[Black "McNab,C"]
[Result "0-1"]
[WhiteElo "2362"]
[BlackElo "2461"]

1.e4 g6 2.d4 d6 3.Nc3 Bg7 4.f4 Nf6 5.Nf3 O-O 6.Bd3 Nc6 7.O-O e5 8.fxe5 dxe5
9.d5 Ne7 10.Qe1 Ne8 11.Qh4 f6 12.Nxe5 g5 13.Bxg5 fxg5 14.Rxf8+ Kxf8 15.Qxg5 Nd6
16.Rf1+ Kg8 17.Ne2 Nc6 18.Qxd8+ Nxd8 19.Nc4 N8f7 20.c3 Bd7 21.Nxd6 cxd6 22.Nd4 Re8
23.Nf3 a6 24.h3 Ne5 25.Nxe5 Bxe5 26.Be2 Kg7 27.Bf3 Kg6 28.Kf2 Bb5 29.Rd1 h5
30.Ke3 Re7 31.Rh1 h4 32.Ra1 Rg7 33.Bg4 Kf6 34.Bf3 Bg3 35.b3 Be5 36.Rc1 Rc7
37.c4 Be8 38.Rf1 Ke7 39.Bg4 b5 40.Be2 bxc4 41.Bxc4 Bb5 42.Kd3 Bxc4+ 43.bxc4 Rc5
44.a4 Ra5 45.Rf5 Rxa4 46.c5 Rd4+ 47.Ke3 Rc4 48.cxd6+ Kxd6 49.Rh5 Rc3+ 50.Ke2 a5
51.Rxh4 a4 52.Rh6+ Kc5 53.Ra6 a3 54.Kd1 Kb5 55.Ra7 Kc4 56.d6 Bxd6 57.h4 Rg3  0-1

[Event "Universiade Men"]
[Site "Kazan RUS"]
[Date "2013.07.10"]
[Round "2.16"]
[White "Tazbir,M"]
[Black "Ferreira,Jor1"]
[Result "1-0"]
[WhiteElo "2561"]
[BlackElo "2401"]

1.e4 g6 2.d4 Bg7 3.Nc3 d6 4.f4 e6 5.Nf3 Ne7 6.Be3 a6 7.a4 b6 8.Bd3 Nbc6 9.O-O Nb4
10.Be2 Bb7 11.Qd2 O-O 12.Nd1 c5 13.c3 Nbc6 14.Nf2 cxd4 15.Nxd4 Nxd4 16.Bxd4 e5
17.Be3 d5 18.fxe5 dxe4 19.Qxd8 Rfxd8 20.Bg5 Re8 21.Ng4 Nf5 22.Nf6+ Bxf6 23.exf6 h6
24.Bf4 Re6 25.Bc4 Rxf6 26.Be5 Rc6 27.Bd5 Re8 28.Bf4 Ba8 29.Bxc6 Bxc6 30.g4 Nh4
31.Kf2 g5 32.Be3 Nf3 33.Kg3 h5 34.h3 b5 35.axb5 Bxb5 36.Rfd1 f5 37.gxf5 Re5
38.Ra5 Rxf5 39.c4 Ne5 40.cxb5 Nc4 41.Bd2 e3 42.bxa6 h4+ 43.Kg4 e2 44.Re1  1-0

[Event "Universiade Men"]
[Site "Kazan RUS"]
[Date "2013.07.10"]
[Round "3.4"]
[White "Durarbayli,V"]
[Black "Onischuk,V"]
[Result "0-1"]
[WhiteElo "2549"]
[BlackElo "2576"]

1.e4 g6 2.d4 d6 3.Nc3 Bg7 4.g3 Nc6 5.d5 Ne5 6.f4 Nd7 7.Bg2 c6 8.Be3 cxd5
9.exd5 Bxc3+ 10.bxc3 Ngf6 11.Ne2 Qa5 12.O-O Nb6 13.c4 Nxc4 14.Bd4 O-O 15.Nc3 Ne3
16.Qe2 Nfg4 17.h3 Nf5 18.hxg4 Nxd4 19.Qxe7 Qxc3 20.f5 Nxc2  0-1

[Event "ch-BEL Open 2013"]
[Site "Antwerp BEL"]
[Date "2013.07.11"]
[Round "6.33"]
[White "Van den Bosch,Arno"]
[Black "Gijbels,R"]
[Result "1-0"]
[WhiteElo "1683"]
[BlackElo "1922"]

1.e4 g6 2.d4 Bg7 3.Nc3 d6 4.f4 Nd7 5.Nf3 a6 6.a4 b6 7.Bc4 e6 8.O-O Ne7 9.Qe1 Bb7
10.f5 exf5 11.exf5 O-O 12.Bg5 Re8 13.fxg6 hxg6 14.Qh4 Nb8 15.Rae1 Nbc6 16.Bxe7 Nxe7
17.Bxf7+  1-0

[Event "Universiade Men"]
[Site "Kazan RUS"]
[Date "2013.07.11"]
[Round "4.15"]
[White "Margvelashvili,G"]
[Black "Farid,F"]
[Result "1-0"]
[WhiteElo "2548"]
[BlackElo "2396"]

1.d4 d6 2.e4 g6 3.Nc3 Bg7 4.Nf3 Nf6 5.Be2 O-O 6.O-O Bg4 7.Bg5 Nfd7 8.Nd5 Re8
9.Ne3 Bxf3 10.Bxf3 c5 11.e5 cxd4 12.Bxb7 dxe3 13.e6 fxe6 14.Bxa8 exf2+ 15.Rxf2 Ne5
16.Bf3 Qb6 17.c3 Nbd7 18.Qb3 Qc5 19.Qxe6+ Kh8 20.Be2 h6 21.Bh4 Qe3 22.Qh3 Qxh3
23.gxh3 Nc5 24.Bg3 Rb8 25.Bxe5 Bxe5 26.Bc4 Bf6 27.a4 Kg7 28.Re2 Nd7 29.Ra3 Ne5
30.Rb3 Rf8 31.Ba6 Nf3+ 32.Kh1 Bh4 33.Rb7 Rf5 34.Rxa7 Rd5 35.Kg2  1-0

[Event "Styrian Open A 2013"]
[Site "Bad Gleichenberg AUT"]
[Date "2013.07.12"]
[Round "7.13"]
[White "Windhager,Hannes"]
[Black "Lorscheid,G"]
[Result "1/2-1/2"]
[WhiteElo "2090"]
[BlackElo "2273"]

1.e4 g6 2.d4 Bg7 3.Nc3 d6 4.f4 Nf6 5.Nf3 O-O 6.e5 Nfd7 7.h4 c5 8.h5 cxd4
9.hxg6 dxc3 10.gxf7+ Rxf7 11.Bc4 e6 12.Ng5 Nxe5 13.Qh5 h6 14.fxe5 hxg5 15.Qh7+ Kf8
16.Qh8+ Bxh8 17.Rxh8+ Kg7 18.Rxd8 Nc6 19.Rxd6 Nxe5 20.Be2 Bd7 21.bxc3 Rh8  1/2-1/2

[Event "120th ch-SCO 2013"]
[Site "Helensburgh SCO"]
[Date "2013.07.12"]
[Round "7.1"]
[White "Gormally,D"]
[Black "McNab,C"]
[Result "1-0"]
[WhiteElo "2496"]
[BlackElo "2461"]

1.e4 g6 2.d4 d6 3.Nc3 Bg7 4.f4 Nf6 5.Nf3 O-O 6.Bd3 Nc6 7.e5 dxe5 8.dxe5 Nd5
9.Bd2 Ncb4 10.Be4 c6 11.O-O f5 12.Nxd5 fxe4 13.Bxb4 cxd5 14.Nd4 g5 15.fxg5 Bxe5
16.c3 Rxf1+ 17.Qxf1 Bxd4+ 18.cxd4 Bd7 19.Qf4 Bb5 20.h4 Qd7 21.Rc1 Rf8 22.Qg3 Bc6
23.h5 Qe6 24.Bd2 Qd6 25.Qh4 e5 26.Qg3 Qe6 27.Be3 exd4 28.Bxd4 Qf5 29.g6 hxg6
30.hxg6 Qf4 31.Qc3 Qg5 32.g7 Rf3 33.Qc5 Bd7 34.Qc8+ Bxc8 35.Rxc8+ Kf7 36.g8=Q+ Qxg8
37.Rxg8 Rd3 38.Rg7+ Kf8 39.Be5 e3 40.Kf1 d4 41.Rxb7 Rd1+ 42.Ke2 Rd2+ 43.Ke1 d3
44.Rd7 Re2+ 45.Kf1 Rf2+ 46.Kg1 d2 47.Bc3 Re2 48.Kh2 Ke8 49.Rd4 Kf7 50.Kh3 Rf2
51.g4 Kg6 52.Rd6+ Kf7 53.Kg3 Ke7 54.Bb4 Kf7 55.a3 Kg7 56.Kh4 Kf7 57.Kh5 Rg2
58.Kg5 Rf2 59.a4 a6 60.a5 Kg7 61.Rd7+ Rf7 62.Bc3+ Kg8 63.Rd3 Rc7 64.Bxd2 exd2
65.Rxd2 Rc5+ 66.Kf6 Rc6+ 67.Ke5 Rc5+ 68.Rd5 Rc4 69.g5 Rb4  1-0

[Event "Universiade Men"]
[Site "Kazan RUS"]
[Date "2013.07.12"]
[Round "6.22"]
[White "Mohamad,Ervan"]
[Black "Petenyi,T"]
[Result "0-1"]
[WhiteElo "2207"]
[BlackElo "2480"]

1.e4 g6 2.d4 Bg7 3.Nc3 d6 4.Be3 Nc6 5.Qd2 e5 6.Nge2 exd4 7.Nxd4 Nf6 8.f3 O-O
9.O-O-O Nxd4 10.Bxd4 Be6 11.Kb1 Qe7 12.h4 Rad8 13.Qf2 c5 14.Be3 b6 15.Bc1 d5
16.e5 Ne8 17.Bg5 f6 18.exf6 Nxf6 19.Ne2 h6 20.Bc1 Bf7 21.Nf4 c4 22.g4 Nh7
23.g5 h5 24.Rg1 Rd6 25.Bh3 Re8 26.Rge1 Qd8 27.c3 Rxe1 28.Qxe1 Nf8 29.Ne2 Be6
30.Bxe6+ Nxe6 31.Nf4 Qd7 32.Nxg6 Qf7 33.Nf4 Nxf4 34.Bxf4 Qf5+ 35.Ka1 Qxf4
36.Qe8+ Qf8 37.Qxh5 d4 38.cxd4 Rxd4 39.Rxd4 Bxd4 40.Qg6+ Bg7 41.Qe4 c3 42.Qc4+ Qf7
43.Qc8+ Kh7 44.bxc3 Qxf3 45.Kb2 Qe2+ 46.Kb3 Qd1+ 47.Kb2 Qd2+ 48.Kb3 Qd5+
49.Kb2 b5 50.a3 a5 51.Kc2 a4 52.Kc1 Qd3 53.Qe8 Qxc3+ 54.Kd1 Qd3+ 55.Ke1 Bc3+
56.Kf2 Qf5+ 57.Kg3 Qe5+  0-1

[Event "Universiade Men"]
[Site "Kazan RUS"]
[Date "2013.07.12"]
[Round "6.16"]
[White "Abasov,N"]
[Black "Farid,F"]
[Result "0-1"]
[WhiteElo "2498"]
[BlackElo "2396"]

1.d4 d6 2.e4 g6 3.Nc3 Bg7 4.Be3 a6 5.a4 Nd7 6.f4 b6 7.Nf3 Bb7 8.Bc4 e6 9.f5 exf5
10.exf5 Ngf6 11.O-O d5 12.Bd3 O-O 13.fxg6 hxg6 14.Bg5 c5 15.Ne2 c4 16.Bxg6 fxg6
17.Nf4 Qe8 18.Nh4 Ne4 19.Qg4 Bxd4+ 20.Kh1 Ne5 21.Qd1 Bf2  0-1

[Event "6th ch-Cent SRB Int 2013"]
[Site "Paracin SRB"]
[Date "2013.07.12"]
[Round "9.26"]
[White "Scekic,V"]
[Black "Sarenac,D"]
[Result "1/2-1/2"]
[WhiteElo "2181"]
[BlackElo "2311"]

1.d4 g6 2.e4 Bg7 3.Nc3 d6 4.Be3 Nd7 5.Nf3 a6 6.a4 e6 7.Qd2 h6 8.h3 Ne7 9.Be2 b6
10.Nh2 Bb7 11.O-O Nf6 12.Bf3 e5 13.Rad1 exd4 14.Bxd4 Nc6 15.e5 dxe5 16.Bxe5 Qxd2
17.Rxd2 Nxe5 18.Bxb7 Ra7 19.Re1 O-O 20.Bxa6  1/2-1/2

[Event "ch-BEL Open 2013"]
[Site "Antwerp BEL"]
[Date "2013.07.13"]
[Round "8.20"]
[White "Roos,Dav"]
[Black "Ismail,Tamer"]
[Result "1-0"]
[WhiteElo "2073"]
[BlackElo "1805"]

1.d4 d6 2.e4 g6 3.Nc3 Bg7 4.f4 e6 5.Nf3 Ne7 6.Be3 O-O 7.Bd3 b6 8.Ne2 Bb7
9.a4 a6 10.Ng3 Nd7 11.O-O c5 12.c3 Nf6 13.f5 exf5 14.exf5 Qd7 15.fxg6 hxg6
16.h3 Rfe8 17.Qd2 Ned5 18.Bh6 Kh7 19.Bxg7 Kxg7 20.Qg5 Ne3 21.Ne5 dxe5 22.Qxf6+ Kg8
23.Nh5 gxh5 24.Qg5+ Kf8 25.Qh6+ Ke7 26.Qxe3 Kd8 27.dxc5 Qd5 28.Qg5+ Kc7 29.cxb6+ Kxb6
30.Qe3+ Kc7 31.Rf2 Rg8 32.Bf1 h4 33.Rd2 Qe6 34.Qc5+ Bc6 35.Bc4 Qf6 36.Rf1  1-0

[Event "ch-BEL Experten 2013"]
[Site "Antwerp BEL"]
[Date "2013.07.13"]
[Round "8.2"]
[White "Soors,S"]
[Black "Le Quang,K"]
[Result "1-0"]
[WhiteElo "2405"]
[BlackElo "2242"]

1.e4 g6 2.d4 Bg7 3.Nc3 d6 4.Be3 c6 5.h3 Nd7 6.Nf3 b5 7.Bd3 Qc7 8.O-O Ngf6
9.Qc1 O-O 10.Bh6 Bb7 11.Re1 e5 12.dxe5 dxe5 13.Ne2 c5 14.Ng3 c4 15.Bf1 Rae8
16.b3 cxb3 17.cxb3 Qb6 18.Be3 Qa5 19.Bd2 Qb6 20.Qa3 Ra8 21.Ba5 Qa6 22.Qb4 Bc6
23.a4 Rfb8 24.Bc7 Qb7 25.Bxb8 Rxb8 26.axb5 Bf8 27.Qc4 Bxb5 28.Qxb5 Qa8 29.Qe2 Rxb3
30.Qa2 Rb7 31.Bc4 Bc5 32.Bxf7+ Kg7 33.Bd5 Nxd5 34.Qxd5 Qb8 35.Ng5 Kh6 36.h4 Qf8
37.Nf3 Rb2 38.Re2 Nf6 39.Qxe5 Rxe2 40.Nxe2 Bxf2+ 41.Kh1 Qd8  1-0

[Event "28th Gniot Mem 2013"]
[Site "Police POL"]
[Date "2013.07.13"]
[Round "4.8"]
[White "Franzen,Joz"]
[Black "Szyszylo,R"]
[Result "1-0"]
[WhiteElo "2299"]
[BlackElo "2201"]

1.e4 g6 2.d4 Bg7 3.Nc3 d6 4.f4 Nf6 5.Nf3 O-O 6.Bd3 Na6 7.O-O c5 8.d5 Nc7
9.Qe1 Rb8 10.a4 a6 11.a5 b5 12.axb6 Rxb6 13.Na4 Rb8 14.c4 e6 15.Nc3 exd5
16.exd5 Re8 17.Qh4 Ng4 18.Qxd8 Rxd8 19.h3 Nh6 20.g4 f5 21.g5 Nf7 22.Nd1 Bd7
23.Kf2 Rb3 24.Ke2 Re8+ 25.Kd2 Nd8 26.Kc2 Rb8 27.Bd2 Nb7 28.Ra3 Ra8 29.Nc3 a5
30.Re1 Red8 31.b3 Na6 32.Kd1 Nb4 33.Bc2 Kf7 34.h4 Ra6 35.Na4 Re8 36.Rxe8 Bxe8
37.Bb1 Bd7 38.h5 Ke7 39.Bc3 Bxc3 40.Nxc3 Ra8 41.Kd2 Kf7 42.Ra1 Ra6 43.Bd3 Rb6
44.Bc2 Ra6 45.Rh1 Kg7 46.Re1 Kf7 47.Rh1 Kg7 48.Bd1 Ra8 49.Ne1 Re8 50.Nc2 Ra8
51.Na3 Re8 52.Bf3 Ra8 53.Nab5 Bxb5 54.Nxb5 Rc8 55.Bd1 Na6 56.Na7 Re8 57.Bf3 Nc7
58.Nc6 Kg8 59.Ra1 Ra8 60.Be2 Kf7 61.Bd3 Kg7 62.Bc2 Kf7 63.Rh1 Kg7 64.Bd1 Re8
65.Bf3 Ra8 66.Re1 Re8 67.Rxe8 Nxe8 68.Nb8 Nc7 69.Nd7 Na6 70.h6+ Kg8 71.Kc3 Nb4
72.Bd1 Kh8 73.Bc2 Kg8 74.Kb2 a4 75.bxa4 Na5 76.Nb6 Kf7 77.Bb1 Na6 78.Kc3 Nb8
79.Bc2 Nb7 80.Nc8 Na6 81.Na7 Nc7 82.Nc6 Na6 83.a5 Nc7 84.Ba4 Na8 85.Bb5 Ke8
86.a6 Nd8 87.Nxd8+ Kxd8 88.Bc6  1-0